| 000 | 01456nam a2200433 i 4500 | ||
|---|---|---|---|
| 001 | 7569 | ||
| 003 | KOSZ 005 | ||
| 005 | 20191219143058.0 | ||
| 008 | 070608s1972 pl a f |001 0 pol | ||
| 015 | _aPB 1972/8606 | ||
| 035 | _a991035884419705066 | ||
| 035 | _a(PL-WaBN)b1964680x-48omnis_nlop | ||
| 035 | _ab1964680x | ||
| 035 | _a(OCoLC)750850084 | ||
| 035 | _a(PL)b0000001964680 | ||
| 035 | _a(EXLNZ-48OMNIS_NETWORK)9910440031905606 | ||
| 040 |
_aWA N _cWA N _dKOSZ 005/KK |
||
| 046 | _k1972 | ||
| 080 | _a620.1 | ||
| 080 | _a539.3/.6 | ||
| 100 | 1 |
_aKocańda, Stanisław _d(1922-2006) _eAutor |
|
| 245 | 1 | 0 |
_aZmęczeniowe niszczenie metali / _cStanisław Kocańda. |
| 260 |
_aWarszawa : _bWydawnictwa Naukowo-Techniczne, _c1972. |
||
| 300 |
_a312, [3] strony, [1] karta, tablice : _bilustracje ; _c23 cm. |
||
| 336 |
_2rdacontent _aTekst _btxt |
||
| 337 |
_2rdamedia _aBez urządzenia pośredniczącego _bn |
||
| 338 |
_2rdacarrier _aWolumin _bnc |
||
| 380 | _aKsiążki | ||
| 388 | _a1901-2000 | ||
| 504 | _aBibliografia przy rozdziałach. Indeks. | ||
| 650 | 7 |
_aMetale _2DBN |
|
| 650 | 7 | _aMechanika | |
| 650 | 7 |
_aWytrzymałość materiałów _2DBN |
|
| 658 | _aInżynieria i technika | ||
| 710 | 2 |
_aWydawnictwa Naukowo-Techniczne _4pbl |
|
| 856 |
_uhttp://koha.tu.koszalin.pl/cgi-bin/koha/opac-detail.pl?biblionumber=7569 _yKatalog online BPK |
||
| 942 |
_2UKD _cKS |
||
| 999 |
_c7569 _d7569 |
||